Sports Quiz

Random Sports or NFL Quiz

NFL Top 10 QB/RB/WR (1990s) Quiz Stats

 Plays Quiz Updated Aug 31, 2014

Support Sporcle.
Go Orange.
Score 0/30 Timer 07:00
0 Plays Today
yards player % Correct
ReceivingJerry Rice
91.1%
RushingEmmitt Smith
90.2%
PassingBrett Favre
90%
PassingDan Marino
84.8%
PassingSteve Young
82.2%
PassingJohn Elway
78.4%
RushingBarry Sanders
77.4%
PassingTroy Aikman
76.8%
ReceivingMichael Irvin
67.5%
PassingWarren Moon
62.1%
ReceivingCris Carter
60.8%
PassingDrew Bledsoe
59.6%
ReceivingTim Brown
56.9%
RushingThurman Thomas
56%
RushingJerome Bettis
54.5%
yards player % Correct
RushingTerrell Davis
54.2%
PassingVinny Testaverde
51.1%
RushingMarshall Faulk
51%
ReceivingAndre Reed
47.7%
ReceivingTony Martin
42.5%
PassingJeff George
42.2%
RushingRicky Watters
36.7%
ReceivingHerman Moore
30.5%
ReceivingRob Moore
30.4%
RushingTerry Allen
30.3%
ReceivingAndre Rison
28.3%
PassingJim Everett
20.7%
ReceivingIrving Fryar
19.6%
RushingChris Warren
14.1%
RushingRodney Hampton
13.9%

You're not logged in!

Compare scores with friends on all Sporcle quizzes.
OR
Log In

From the Vault

Poster Portions (2004)

by Sheldon

The lessons of portion control are important to keep in mind.
Remove Ads.
Support Sporcle.
Get the best of Sporcle when you Go Orange. This ad-free experience offers more features, more stats, and more fun while also helping to support Sporcle. Thank you for becoming a member.

Show Comments

Extras

Top Quizzes Today


Score Distribution

Your Account Isn't Verified!

In order to create a playlist on Sporcle, you need to verify the email address you used during registration. Go to your Sporcle Settings to finish the process.

Report this User

Report this user for behavior that violates our Community Guidelines.

Details: